[Event "Torino op 53rd"]
[Site "Torino"]
[Date "2024.01.06"]
[Round "7"]
[White "Petritaj, Ferdinando"]
[Black "Lacan Rus, David"]
[Result "1/2-1/2"]
[WhiteElo "2176"]
[BlackElo "2121"]
[PlyCount "116"]
[EventDate "2024.01.02"]
[EventType "swiss"]
[EventRounds "9"]
[EventCountry "ITA"]
[SourceTitle "CB02_2024"]
[SourceDate "2024.01.10"]
[SourceVersion "1"]
[SourceVersionDate "2024.01.10"]
[SourceQuality "1"]

1. d4 Nf6 2. c4 g6 3. Nc3 d5 4. cxd5 Nxd5 5. e4 Nxc3 6. bxc3 Bg7 7. Nf3 c5 8. Rb1 0-0 9. Be2 cxd4 10. cxd4 Qa5+ 11. Bd2 Qxa2 12. 0-0 Bg4 13. Bg5 Nd7 14. Rxb7 Rfb8 15. Rxb8+ Rxb8 16. h3 Bxf3 17. Bxf3 Qa3 18. e5 a5 19. Qc1 Qb4 20. Qc7 Qxd4 21. Rd1 Qxe5 22. Bf4 Qxc7 23. Bxc7 Be5 24. Bxb8 Nxb8 25. Rd5 Bd6 26. Rxa5 Nd7 27. g3 Kg7 28. Kg2 h5 29. Be4 Kf6 30. Bc2 Ne5 31. Ra8 Kg7 32. f4 Nd7 33. Kf3 Nf6 34. Bb3 Nd7 35. Ra7 Nf6 36. Bc4 Kf8 37. Bd3 Kg7 38. Bb5 Kf8 39. Bc6 Kg7 40. Ra5 Kf8 41. g4 hxg4+ 42. hxg4 Kg7 43. Ra1 Nh7 44. Be4 Nf6 45. Bc6 Nh7 46. Rh1 Nf6 47. Rh2 g5 48. fxg5 Bxh2 49. gxf6+ Kxf6 50. Be8 Kg7 51. Ke4 Kg6 52. Kf3 Bd6 53. Bd7 Kg5 54. Be8 f6 55. Bd7 Bf4 56. Be6 Bc1 57. Bd7 e5 58. Ke4 Bf4 1/2-1/2

[Event "Torino op 53rd"]
[Site "Torino"]
[Date "2024.01.05"]
[Round "5"]
[White "Petritaj, Ferdinando"]
[Black "Defromont, Benjamin"]
[Result "1-0"]
[WhiteElo "2176"]
[BlackElo "2423"]
[PlyCount "67"]
[EventDate "2024.01.02"]
[EventType "swiss"]
[EventRounds "9"]
[EventCountry "ITA"]
[SourceTitle "CB02_2024"]
[SourceDate "2024.01.10"]
[SourceVersion "1"]
[SourceVersionDate "2024.01.10"]
[SourceQuality "1"]

1. d4 Nf6 2. c4 g6 3. Nc3 Bg7 4. e4 d6 5. Be2 0-0 6. Nf3 e5 7. 0-0 Bg4 8. d5 a5 9. Be3 Na6 10. Nd2 Bd7 11. a3 h5 12. Rb1 Ng4 13. Bxg4 Bxg4 14. f3 Bd7 15. b4 axb4 16. axb4 f5 17. c5 f4 18. Bf2 g5 19. c6 bxc6 20. dxc6 Be6 21. Nd5 g4 22. b5 Nc5 23. Nc4 Qg5 24. Nxc7 gxf3 25. Qxf3 Bg4 26. Qc3 Ra2 27. Nxd6 Be2 28. Qxc5 f3 29. g3 Qg4 30. Qd5+ Kh7 31. Qe6 Bxf1 32. Qxg4 hxg4 33. Kxf1 Rd8 34. Nce8 1-0

[Event "Limone Piemonte op"]
[Site "Limone Piemonte"]
[Date "2022.01.28"]
[Round "2"]
[White "Gola, Giorgio"]
[Black "Petritaj, Ferdinando"]
[Result "1-0"]
[WhiteElo "2004"]
[BlackElo "2158"]
[PlyCount "78"]
[EventDate "2022.01.27"]
[EventType "swiss"]
[EventRounds "7"]
[EventCountry "ITA"]
[SourceTitle "EXT 2023"]
[Source "ChessBase"]
[SourceDate "2022.10.05"]
[SourceVersion "1"]
[SourceVersionDate "2022.10.05"]
[SourceQuality "1"]

1. e4 c6 2. d4 d5 3. e5 Bf5 4. h4 Qb6 5. h5 h6 6. Nc3 e6 7. g4 Bh7 8. Na4 Qc7 9. Bd3 Bxd3 10. Qxd3 Nd7 11. f4 Ne7 12. Nf3 0-0-0 13. b4 f6 14. c3 Kb8 15. Rb1 Nc8 16. Kf2 fxe5 17. fxe5 Ncb6 18. Nxb6 Nxb6 19. Nh4 g5 20. hxg6 Qg7 21. Kg3 Be7 22. Ng2 Bg5 23. Bxg5 hxg5 24. Rh5 Rh6 25. Rxg5 Rdh8 26. Nf4 Qe7 27. Rh5 Rxh5 28. Nxh5 Qg5 29. Rh1 Nc4 30. g7 Rc8 31. Qf3 Qg6 32. Rd1 a6 33. Kh4 Ka7 34. Qd3 Qf7 35. Rf1 Qe7+ 36. Rf6 Nb6 37. Qh7 Qd8 38. g5 Nd7 39. Rf7 Nxe5 1-0

[Event "Imperia op-A 61st"]
[Site "Imperia"]
[Date "2019.09.03"]
[Round "3.7"]
[White "Mira, Helene"]
[Black "Petritaj, Ferdinando"]
[Result "1-0"]
[WhiteElo "2046"]
[BlackElo "2213"]
[PlyCount "108"]
[EventDate "2019.09.01"]
[EventType "swiss"]
[EventRounds "9"]
[EventCountry "ITA"]
[SourceTitle "EXT 2024"]
[Source "ChessBase"]
[SourceDate "2023.10.10"]
[SourceVersion "1"]
[SourceVersionDate "2023.10.10"]
[SourceQuality "1"]

1. Nf3 Nf6 2. c4 c5 3. Nc3 g6 4. d4 cxd4 5. Nxd4 Bg7 6. e4 d6 7. Be2 0-0 8. 0-0 Nc6 9. Be3 Nxd4 10. Bxd4 Bd7 11. c5 e5 12. Be3 Bc6 13. f3 d5 14. exd5 Bxd5 15. Bg5 Bc6 16. Qxd8 Rfxd8 17. Rfd1 h6 18. Bh4 g5 19. Bf2 e4 20. Rab1 exf3 21. Bxf3 Bxf3 22. gxf3 Nh5 23. Nd5 Be5 24. b4 a6 25. Nb6 Rxd1+ 26. Rxd1 Re8 27. Rd7 Nf4 28. Kf1 Bc3 29. a3 Re2 30. Bg3 Rc2 31. Bxf4 gxf4 32. Rxb7 Bd4 33. Nd5 Bxc5 34. bxc5 Rxc5 35. Nf6+ Kg7 36. Ne4 Rc2 37. Kg1 Ra2 38. Rb3 a5 39. Nf2 a4 40. Rc3 Kf6 41. Nd3 Kg5 42. Nf2 Kf5 43. Ne4 Ke5 44. Nc5 h5 45. h4 f5 46. Nxa4 Kd4 47. Rb3 Kc4 48. Rb4+ Kd3 49. Nc5+ Ke2 50. Rb3 Rd2 51. Ne6 Rd7 52. Nxf4+ Ke1 53. Re3+ Kd2 54. Kf2 Rh7 1-0

[Event "Torino Epifania op"]
[Site "Torino"]
[Date "2013.01.06"]
[Round "5"]
[White "Gallucci, Alessio"]
[Black "Petritaj, Ferdinando"]
[Result "1-0"]
[WhiteElo "2206"]
[BlackElo "2172"]
[PlyCount "53"]
[EventDate "2013.01.02"]
[EventType "swiss"]
[EventRounds "6"]
[EventCountry "ITA"]
[SourceTitle "EXT 2014"]
[Source "ChessBase"]
[SourceDate "2013.11.20"]
[SourceVersion "1"]
[SourceVersionDate "2013.11.20"]
[SourceQuality "1"]

1. d4 Nf6 2. Bg5 e6 3. e3 c5 4. Nd2 Be7 5. Ngf3 b6 6. Bd3 Bb7 7. 0-0 0-0 8. c3 d6 9. Qe2 a6 10. Rad1 Re8 11. e4 cxd4 12. Nxd4 Nbd7 13. f4 Qc7 14. Kh1 Nc5 15. Bc2 b5 16. e5 Nd5 17. N2f3 Rad8 18. Bxh7+ Kxh7 19. Bxe7 Nxe7 20. Ng5+ Kg8 21. Qh5 Nf5 22. Nxf5 exf5 23. exd6 Rxd6 24. Rxd6 Ne6 25. Rxe6 Rxe6 26. Nxe6 fxe6 27. Qe8+ 1-0

[Event "Carignano Mo Memorial 5th"]
[Site "Carignano"]
[Date "2010.05.08"]
[Round "3"]
[White "Glek, Igor Vladimirovich"]
[Black "Petritaj, Ferdinando"]
[Result "1-0"]
[WhiteElo "2498"]
[BlackElo "2196"]
[PlyCount "53"]
[EventDate "2010.05.07"]
[EventType "swiss"]
[EventRounds "5"]
[EventCountry "ITA"]
[SourceTitle "EXT 2024"]
[Source "ChessBase"]
[SourceDate "2023.10.10"]
[SourceVersion "1"]
[SourceVersionDate "2023.10.10"]
[SourceQuality "1"]

1. e4 c6 2. c4 d5 3. cxd5 cxd5 4. exd5 Nf6 5. Nc3 Nxd5 6. Nf3 Nc6 7. Bb5 e6 8. 0-0 Be7 9. d4 0-0 10. Re1 Qc7 11. a3 Nxc3 12. bxc3 a6 13. Bd3 b5 14. Qc2 h6 15. Qe2 Re8 16. Qe4 f5 17. Qe2 Bd7 18. Qa2 Kh8 19. Rxe6 Bxe6 20. Qxe6 Qc8 21. Qg6 Rf8 22. Bxh6 gxh6 23. Qxh6+ Kg8 24. Qg6+ Kh8 25. Re1 Rf6 26. Qh5+ Kg8 27. Nh4 1-0

[Event "Pinerolo op"]
[Site "Pinerolo"]
[Date "2009.11.15"]
[Round "5"]
[White "Petritaj, Ferdinando"]
[Black "Babilonia, Mauricio Rafael"]
[Result "1/2-1/2"]
[WhiteElo "2193"]
[BlackElo "2035"]
[PlyCount "25"]
[EventDate "2009.11.13"]
[EventType "swiss"]
[EventRounds "5"]
[EventCountry "ITA"]
[SourceTitle "EXT 2012"]
[Source "ChessBase"]
[SourceDate "2011.11.24"]
[SourceVersion "1"]
[SourceVersionDate "2011.11.24"]
[SourceQuality "1"]

1. d4 d5 2. c4 c6 3. Nc3 Nf6 4. Nf3 e6 5. e3 Be7 6. Qc2 0-0 7. b3 Nbd7 8. Bb2 b6 9. Be2 Bb7 10. 0-0 c5 11. dxc5 bxc5 12. cxd5 exd5 13. Rad1 1/2-1/2

[Event "Pinerolo op"]
[Site "Pinerolo"]
[Date "2009.11.14"]
[Round "2"]
[White "Moschetto, Giuliano"]
[Black "Petritaj, Ferdinando"]
[Result "0-1"]
[WhiteElo "1695"]
[BlackElo "2193"]
[PlyCount "44"]
[EventDate "2009.11.13"]
[EventType "swiss"]
[EventRounds "5"]
[EventCountry "ITA"]
[SourceTitle "EXT 2012"]
[Source "ChessBase"]
[SourceDate "2011.11.24"]
[SourceVersion "1"]
[SourceVersionDate "2011.11.24"]
[SourceQuality "1"]

1. c4 Nf6 2. b3 c5 3. Nf3 Nc6 4. g3 b6 5. Bg2 Bb7 6. 0-0 e6 7. Bb2 Be7 8. d4 cxd4 9. Nxd4 Qb8 10. Nxc6 dxc6 11. Nc3 0-0 12. Qc2 a5 13. Rfd1 b5 14. Ne4 Rd8 15. Nxf6+ gxf6 16. Rxd8+ Bxd8 17. cxb5 cxb5 18. Bxb7 Qxb7 19. Rc1 a4 20. b4 Be7 21. a3 Rd8 22. Qc7 Rd1+ 0-1

[Event "Pinerolo op"]
[Site "Pinerolo"]
[Date "2009.11.13"]
[Round "1"]
[White "Petritaj, Ferdinando"]
[Black "Combina, Gabriele"]
[Result "1-0"]
[WhiteElo "2193"]
[BlackElo "1572"]
[PlyCount "81"]
[EventDate "2009.11.13"]
[EventType "swiss"]
[EventRounds "5"]
[EventCountry "ITA"]
[SourceTitle "EXT 2012"]
[Source "ChessBase"]
[SourceDate "2011.11.24"]
[SourceVersion "1"]
[SourceVersionDate "2011.11.24"]
[SourceQuality "1"]

1. d4 f5 2. c4 e6 3. Nf3 Nf6 4. Bg5 c6 5. e3 d5 6. Nc3 Bd6 7. Bd3 0-0 8. 0-0 Qe8 9. Bxf6 Rxf6 10. Ne5 Nd7 11. f4 Nf8 12. Rb1 Bd7 13. b4 b6 14. b5 cxb5 15. cxd5 b4 16. dxe6 Bxe6 17. Nb5 Qe7 18. Qd2 a5 19. Rbc1 Rc8 20. Rxc8 Bxc8 21. Rc1 Bb7 22. Bc4+ Ne6 23. Bb3 Rf8 24. Nc4 Bb8 25. Nxb6 Kh8 26. d5 Nd8 27. Nd4 Rf6 28. Ne6 Nxe6 29. dxe6 Rg6 30. Bd5 h5 31. Nd7 Bxd5 32. Qxd5 Ba7 33. Rc8+ Kh7 34. Nf8+ Kh6 35. Nxg6 Bxe3+ 36. Kh1 Kxg6 37. Qe5 Bb6 38. Rc6 Bd8 39. Rc5 Qf6 40. Rd5 Qxe5 41. fxe5 1-0

[Event "Savigliano op"]
[Site "Savigliano"]
[Date "2009.05.30"]
[Round "3"]
[White "Petritaj, Ferdinando"]
[Black "Borgo, Giulio"]
[Result "0-1"]
[WhiteElo "2192"]
[BlackElo "2440"]
[PlyCount "112"]
[EventDate "2009.05.28"]
[EventType "swiss"]
[EventRounds "6"]
[EventCountry "ITA"]
[SourceTitle "CBM 130 Extra"]
[Source "ChessBase"]
[SourceDate "2009.07.02"]
[SourceVersion "2"]
[SourceVersionDate "2009.07.15"]
[SourceQuality "1"]

1. d4 d5 2. c4 e6 3. Nc3 c6 4. Nf3 Nf6 5. Bg5 Nbd7 6. cxd5 exd5 7. e3 Qa5 8. Bd3 Ne4 9. Qc2 Nxg5 10. Nxg5 h6 11. Nf3 Bd6 12. 0-0 0-0 13. e4 dxe4 14. Nxe4 Qc7 15. Rfe1 Nb6 16. Nxd6 Qxd6 17. Qc5 Qd8 18. Ne5 Be6 19. Re3 Nd5 20. Rg3 Qb6 21. Qc1 Kh8 22. Nf3 Rad8 23. Qd2 Qb4 24. Qe2 Nf6 25. Rd1 Rfe8 26. a3 Qd6 27. Bc2 Bg4 28. Qd3 Bxf3 29. Rxf3 Qxd4 30. Qxd4 Rxd4 31. Kf1 Rxd1+ 32. Bxd1 Rd8 33. Ke1 Kg8 34. Rb3 Rd7 35. Bf3 Kf8 36. Rc3 Ke7 37. b4 Kd8 38. a4 Nd5 39. Rb3 b6 40. Ke2 Kc7 41. h4 Rd6 42. g3 Ne7 43. Ke3 Nf5+ 44. Ke4 Nd4 45. Rc3 Nxf3 46. Rxf3 Rf6 47. Rxf6 gxf6 48. h5 Kd6 49. f4 Ke6 50. Kd4 c5+ 51. bxc5 bxc5+ 52. Kc4 f5 53. a5 a6 54. Kc3 Kd5 55. Kd3 c4+ 56. Kc3 Kc5 0-1

[Event "Savigliano 6th"]
[Site "Savigliano"]
[Date "2007.06.03"]
[Round "5"]
[White "Petritaj, Ferdinando"]
[Black "Mrdja, Milan"]
[Result "0-1"]
[WhiteElo "2141"]
[BlackElo "2367"]
[PlyCount "58"]
[EventDate "2007.05.31"]
[EventType "swiss"]
[EventRounds "6"]
[EventCountry "ITA"]
[SourceTitle "EXT 2009"]
[Source "ChessBase"]
[SourceDate "2008.11.26"]
[SourceVersion "1"]
[SourceVersionDate "2008.11.26"]
[SourceQuality "1"]

1. d4 Nf6 2. c4 e6 3. Nc3 Bb4 4. e3 b6 5. Bd3 Bb7 6. Nge2 Bxg2 7. Rg1 Be4 8. Rxg7 Bg6 9. e4 Nh5 10. Bh6 Nxg7 11. Bxg7 Rg8 12. Bh6 Bh5 13. Qb3 Nc6 14. 0-0-0 Bxc3 15. Qxc3 Qf6 16. Be3 Bxe2 17. Bxe2 e5 18. dxe5 Qxe5 19. Qd3 0-0-0 20. f4 Qe7 21. c5 Kb8 22. Bf3 f6 23. Qb5 Kb7 24. a4 d5 25. e5 fxe5 26. Rxd5 e4 27. Re5 Nxe5 28. Bxe4+ c6 29. fxe5 Qd7 0-1

[Event "Savigliano 6th"]
[Site "Savigliano"]
[Date "2007.05.31"]
[Round "1"]
[White "Blengino, Luca"]
[Black "Petritaj, Ferdinando"]
[Result "0-1"]
[WhiteElo "1854"]
[BlackElo "2141"]
[PlyCount "58"]
[EventDate "2007.05.31"]
[EventType "swiss"]
[EventRounds "6"]
[EventCountry "ITA"]
[SourceTitle "EXT 2009"]
[Source "ChessBase"]
[SourceDate "2008.11.26"]
[SourceVersion "1"]
[SourceVersionDate "2008.11.26"]
[SourceQuality "1"]

1. d4 Nf6 2. c4 e6 3. Nc3 Bb4 4. a3 Bxc3+ 5. bxc3 0-0 6. f3 d5 7. cxd5 exd5 8. Nh3 Bxh3 9. gxh3 Nh5 10. Qc2 Qh4+ 11. Kd1 c5 12. Qf5 g6 13. Rg1 cxd4 14. Qg4 Qf2 15. Qxd4 Qxh2 16. Bh6 Nc6 17. Qg4 Rfe8 18. f4 d4 19. Rg2 Qh1 20. Kd2 dxc3+ 21. Kxc3 Re3+ 22. Kb2 Rd8 23. Rc1 Nf6 24. Qh4 Rd2+ 25. Rc2 Rxc2+ 26. Kxc2 Nd4+ 27. Kd2 Ne4+ 28. Kxe3 Nf5+ 29. Kxe4 Nxh4 0-1

[Event "Chalkidiki op-A 2nd"]
[Site "Kallithea"]
[Date "2006.04.29"]
[Round "7"]
[White "Petritaj, Ferdinando"]
[Black "Itkis, Boris"]
[Result "0-1"]
[WhiteElo "2141"]
[BlackElo "2490"]
[PlyCount "130"]
[EventDate "2006.04.25"]
[EventType "swiss"]
[EventRounds "9"]
[EventCountry "GRE"]
[SourceTitle "CBM 112 Extra"]
[Source "ChessBase"]
[SourceDate "2006.07.14"]
[SourceVersion "1"]
[SourceVersionDate "2006.07.14"]
[SourceQuality "1"]

1. d4 Nf6 2. c4 g6 3. Nc3 Bg7 4. e4 d6 5. Nf3 0-0 6. Be2 Nbd7 7. 0-0 e5 8. d5 Nc5 9. Qc2 a5 10. a3 a4 11. Be3 Nb3 12. Rad1 Bd7 13. h3 b6 14. Rfe1 Nh5 15. Bf1 f5 16. exf5 gxf5 17. Ng5 Nd4 18. Qb1 h6 19. Ne6 Nxe6 20. dxe6 Bxe6 21. Nd5 Nf6 22. Qc2 Nd7 23. Qd2 Kh7 24. f4 Nc5 25. fxe5 dxe5 26. Bxc5 bxc5 27. Qf2 Ra5 28. Nf4 Qe8 29. Rd8 Qxd8 30. Nxe6 Qe7 31. Nxf8+ Qxf8 32. Kh1 e4 33. Qf4 Ra8 34. g4 Re8 35. gxf5 Qd6 36. Qg4 e3 37. Bg2 Bd4 38. Bd5 Qf6 39. Re2 c6 40. Qg6+ Qxg6 41. fxg6+ Kxg6 42. Bxc6 Re5 43. Bxa4 Bxb2 44. Bc2+ Kg5 45. a4 Bc3 46. Kg2 Kf4 47. Bd1 Bd2 48. Kf1 Ke4 49. Rg2 Rf5+ 50. Ke2 Kd4 51. Bc2 Rf8 52. Bd3 Kc3 53. a5 Ra8 54. Rg6 Rxa5 55. Rd6 Ra8 56. Rxh6 Rd8 57. Ra6 Rf8 58. Rd6 Rf2+ 59. Kd1 Rh2 60. Bf1 e2+ 61. Bxe2 Rh1+ 62. Bf1 Rxf1+ 63. Ke2 Re1+ 64. Kf2 Re4 65. Rd5 Rxc4 0-1

[Event "Chalkidiki op-A 2nd"]
[Site "Kallithea"]
[Date "2006.04.28"]
[Round "5"]
[White "Petritaj, Ferdinando"]
[Black "Tsekouras, Theodoros"]
[Result "1/2-1/2"]
[WhiteElo "2141"]
[BlackElo "2248"]
[PlyCount "127"]
[EventDate "2006.04.25"]
[EventType "swiss"]
[EventRounds "9"]
[EventCountry "GRE"]
[SourceTitle "CBM 112 Extra"]
[Source "ChessBase"]
[SourceDate "2006.07.14"]
[SourceVersion "1"]
[SourceVersionDate "2006.07.14"]
[SourceQuality "1"]

1. d4 d5 2. c4 e6 3. Nc3 c6 4. e3 Nf6 5. Nf3 Nbd7 6. Bd3 dxc4 7. Bxc4 b5 8. Bd3 Bb7 9. 0-0 a6 10. e4 c5 11. e5 cxd4 12. exf6 dxc3 13. fxg7 Bxg7 14. Bg5 cxb2 15. Rb1 Qc7 16. Re1 Rc8 17. Qe2 Nc5 18. Bc2 Na4 19. Bb3 0-0 20. Bxa4 bxa4 21. Rxb2 Bxf3 22. gxf3 Bxb2 23. Qxb2 Qc3 24. Qb1 f6 25. Bh4 Rc4 26. Bg3 e5 27. Kg2 Rb4 28. Qd1 Rd4 29. Qb1 Rc8 30. Re3 Qc2 31. Qb7 Qc6 32. Qe7 Rc7 33. Qa3 Qc5 34. Qb2 Qb5 35. Qa1 Rdc4 36. Re1 Qc6 37. Qb1 Rc2 38. Qb8+ Rc8 39. Qb4 Rc4 40. Qe7 Re8 41. Qa3 Rc3 42. Qb4 Qxf3+ 43. Kh3 Qc6 44. Re4 Kh8 45. Rh4 f5 46. f4 Rg8 47. Qb1 Rc2 48. Qf1 Qe6 49. Qe1 Rxa2 50. Qxe5+ Qxe5 51. fxe5 Re8 52. Rh6 Ra3 53. Kh4 a5 54. Ra6 Rxg3 55. hxg3 Rxe5 56. Kg5 Re8 57. Rxa5 Rg8+ 58. Kxf5 Rxg3 59. Rxa4 Rg8 60. Rg4 Rf8+ 61. Kg5 Ra8 62. Kh5 Ra6 63. Rg1 Rf6 64. Rg2 1/2-1/2